Učebnice angličtiny : pro vysoké školy I. Část 1
Gespeichert in:
| Format: | Buch |
|---|---|
| Sprache: | Tschechisch Englisch |
| Veröffentlicht: |
Praha :
Státní pedagogické nakladatelství,
1960
|
| Tags: |
Keine Tags, Fügen Sie das erste Tag hinzu!
|
MARC
| LEADER | 00000nam a22000003a 4500 | ||
|---|---|---|---|
| 001 | stu231558 | ||
| 005 | 20150408182907.4 | ||
| 008 | 110714s1960----cs------------------cze-d | ||
| 040 | |a STU |b slo | ||
| 041 | 0 | |a cze |a eng | |
| 044 | |a cs | ||
| 245 | |a Učebnice angličtiny : |b pro vysoké školy I. Část 1 | ||
| 260 | |a Praha : |b Státní pedagogické nakladatelství, |c 1960 | ||
| 300 | |a 178 s | ||
| 996 | |b 284V028644 |c V*2228/E-121 |l VVT |s A |a 24 |w stu231558_0001 | ||